Potoki plazmy v električeskoj duge vyključajuščich apparatov /

Saved in:
Bibliographic Details
Main Authors: Bron, Osip Borisovič (Author), Suškov, Lev Konstantinovič (Author)
Format: Book
Language:Russian
Published: Leningrad : Energija, 1975
Series:rz1
Online Access: Get full text
Tags: Add Tag
No Tags, Be the first to tag this record!

MARC

LEADER 00000cam a2200000 4500
003 SK-BrCVT
005 20220618090048.0
008 091002s1975 ru e ||||||rus d
035 |a CVTIDWR017298 
040 |a    |b slo  |c    |d   
041 0 |a rus 
044 |a ru 
100 |a Bron, Osip Borisovič  |4 aut 
245 1 0 |a Potoki plazmy v električeskoj duge vyključajuščich apparatov /  |c Osip Borisovič Bron, Lev Konstantinovič Suškov 
260 3 |a Leningrad :  |b Energija,  |c 1975 
300 |a 210 s. 
700 |a Suškov, Lev Konstantinovič  |4 aut 
830 |a rz1 
974 |f Knihy 
999 |c 211713  |d 211713